000 00778nas a2200277 4500
001 BR9204843
003 BR-BrBNA
005 20231205092803.0
007 ta
008 230509b bl.|||p| |||| 00| 00por d
040 _aBR-BrBNA
_bpor
_cBiblioteca Nacional de Agricultura
041 _a(Pt)
072 _aF30
100 1 _aSawazaki, H.E.
100 1 _aSilvarolla, M.B.
100 1 _aAlvarez, R.
245 1 _aCaracterizacao isoenzimatica de clones e somaclones de cana-de-acucar
650 _aCANA DE ACUCAR
650 _aBIOTECNOLOGIA
650 _aVARIEDADE
650 _aENZIMA
650 _aLINHAGEM
773 0 _tBragantia (Brazil)
_xISSN 0006-8705
_g(1988), v. 48(1) p. 1-11
_wBR9204843
909 _a202311
_bLúcia
_c55
_dLúcia Elande
942 _2AGRIS
_n0
_cANA
999 _c134169
_d134169